Introduction to risk management and insurance (Record no. 3639)

MARC details
000 -LEADER
fixed length control field 01349nam a2200193 4500
020 ## - INTERNATIONAL STANDARD BOOK NUMBER
ISBN 9780136038726
050 ## - CALL NUMBER
Classification number HG8051
Item number .D67
100 ## - AUTHOR
Personal name Mark S Dorfman
245 ## - TITLE
Title Introduction to risk management and insurance
Statement of responsibility, etc Mark S Dorfman
250 ## - EDITION
Edition statement 9th ed
260 ## - PUBLICATION INFORMATION
Place of publication Upper Saddle River, N.J. :
Name of publisher Pearson/Prentice Hall,
Year of publication ©2008.
300 ## - DESCRIPTION
Number of Pages xxxi, 567 pages :
Other physical details illustrations ;
Dimensions 26 cm
500 ## - NOTES
General note Includes index
505 ## - FORMATTED CONTENTS NOTE
Table of Content Fundamentals and terminology --<br/>Defining the insurable event --<br/>Risk management --<br/>Insurance companies --<br/>Insurance occupations --<br/>The insurance market : the economic problem --<br/>Insurance regulation --<br/>Insurance contracts --<br/>Basic property and liability insurance contracts --<br/>Homeowners insurance (HO) --<br/>The personal auto policy --<br/>Professional financial planning --<br/>Life insurance policies --<br/>Standard life insurance contract provisions and options --<br/>Annuities --<br/>Medical expense and disability income insurance --<br/>Advanced topics in risk management --<br/>Commercial property insurance --<br/>Commercial liability insurance --<br/>Bonding, crime insurance, and reinsurance --<br/>Employee benefits --<br/>Social security --<br/>Unemployment and workers' compensation insurance.
650 ## - SUBJECTS
Topical Term Insurance.
650 ## - SUBJECTS
Topical Term Risk (Insurance)
650 ## - SUBJECTS
Topical Term Risk management.
942 ## - ADDED ENTRY ELEMENTS (KOHA)
Koha item type Books
Holdings
Withdrawn status Lost status Home library Current library Shelving location Date acquired Full call number Accession Number Koha item type Collection code
    Methodist University Library Main Methodist University Library Main General Stacks 25/08/2011 HG8051 .D67 32455 Books  
    Methodist University Library Main Methodist University Library Main General Stacks 25/08/2011 HG8051 .D67 32454 Books  
    Methodist University Library Main Methodist University Library Main General Stacks 25/08/2011 HG8051 .D67 32456 Books Reference
Copyright © 2026  MUG Library